| 000 | 00834nam a2200277 i 4500 | ||
|---|---|---|---|
| 001 | 16679 | ||
| 003 | ES-MaACL | ||
| 005 | 20250804062641.0 | ||
| 007 | t| | ||
| 008 | 001024s2000 sp |||| | spa d | ||
| 020 | _a84-397-0571-9 | ||
| 080 | _a821.134.2-31"19" | ||
| 100 | 1 |
_aPardo Bazán, Emilia, _cCondesa de, _d1851-1921 _9176434 |
|
| 245 | 1 | 0 |
_aInsolación / _cEmilia Pardo Bazán ; [con una carta de Ángeles de Irisarri]. |
| 250 | _a1ª ed. | ||
| 260 |
_aBarcelona : _bMondadori, _c2000. |
||
| 300 |
_a204 p. ; _c26 cm. |
||
| 490 | 1 | _aPerfiles, letra grande XL | |
| 655 | 0 |
_aNovelas _9234319 |
|
| 655 | 0 |
_9233957 _aNovelas románticas |
|
| 700 | 1 |
_aIrisarri, Ángeles de. _9138604 |
|
| 830 | 0 |
_aPerfiles, letra grande XL _9180018 |
|
| 852 |
_aES-MaACL _jL-23898 |
||
| 942 | _2udc | ||
| 999 |
_c16679 _d16679 |
||